00303nam a22001097a 4500082003200000100001800032245004300050260004300093300001200136526003700148650000800185 a355.002bHAVcL-30-II, P-44 aPakistan Army aHaving been a subalterncPakistan Army aRawalpindibArmy Education Pressc1981 a97 p. : a0b0c0d355_002000000000000_HAV aMCE